Teoría y Problemas de Administración de Operaciones
| Main Author: | |
|---|---|
| Format: | Section = Libro |
| Language: | Undetermined Spanish |
| Published: |
México
McGraw-Hill
1991
|
| Subjects: |
| LEADER | 00575nam a2200193Ia 4500 | ||
|---|---|---|---|
| 008 | 240829s9999 xx 000 0 und d | ||
| 020 | |a 968-422-886-4 | ||
| 040 | |a BIBLIOTECA-RUPAP 658.542 M745 | ||
| 041 | |a spa | ||
| 082 | |a 658.542 M745 | ||
| 100 | 1 | |a Monks, Joseph | |
| 245 | 1 | 0 | |a Teoría y Problemas de Administración de Operaciones |
| 260 | |a México |b McGraw-Hill |c 1991 | ||
| 300 | |a 411 p. :il. | ||
| 650 | 7 | |a ESTUDIO DE LAS OPERACIONES ADMINISTRACION DE EMPRESAS | |
| 650 | 7 | |b ADMINISTRACION DE LA PRODUCCION. I. Tít. | |
| 942 | |c BK |2 ddc | ||
| 991 | |a TEXTO | ||
| 999 | |c 8850 | ||